000 00622nam a2200277Ia 4500
005 20260324130949.0
008 008 260324s9999 xx 000 0 eng d
020 _a9781843926320
037 _aEBOOK
040 _aCRL
040 _beng
040 _cCRL
041 _2eng
041 _aeng
084 _qCRL
100 _aMurray Lee
_91183710
245 0 _aInventing Fear of Crime
260 _bTaylor and Francis
260 _c2007
365 _a
365 _b230
856 _uhttp://www.taylorfrancis.com/books/9781843926320
942 _cEBOOK
999 _c1780449
_d1780449